<?xml version="1.0" encoding="UTF-8"?>
<record
    xmlns:xsi="http://www.w3.org/2001/XMLSchema-instance"
    xsi:schemaLocation="http://www.loc.gov/MARC21/slim http://www.loc.gov/standards/marcxml/schema/MARC21slim.xsd"
    xmlns="http://www.loc.gov/MARC21/slim">

  <leader>03246njm a2200541Ia 4500</leader>
  <controlfield tag="001">24105</controlfield>
  <controlfield tag="003">IT-RoPAU</controlfield>
  <controlfield tag="005">20220918181159.0</controlfield>
  <controlfield tag="008">131025s9999    xx            000 0 und d</controlfield>
  <datafield tag="040" ind1=" " ind2=" ">
    <subfield code="a">IT-RoPAU</subfield>
  </datafield>
  <datafield tag="040" ind1=" " ind2=" ">
    <subfield code="c">IT-RoPAU</subfield>
  </datafield>
  <datafield tag="999" ind1=" " ind2=" ">
    <subfield code="c">102884</subfield>
    <subfield code="d">102884</subfield>
  </datafield>
  <datafield tag="999" ind1=" " ind2=" ">
    <subfield code="b">n.d.</subfield>
  </datafield>
  <datafield tag="100" ind1=" " ind2=" ">
    <subfield code="a">AA.VV.</subfield>
    <subfield code="9">794</subfield>
  </datafield>
  <datafield tag="100" ind1=" " ind2=" ">
    <subfield code="e">Autore musica</subfield>
    <subfield code="9">8828</subfield>
  </datafield>
  <datafield tag="100" ind1=" " ind2=" ">
    <subfield code="g">Codice autore musica SPICS: 12000</subfield>
    <subfield code="9">796</subfield>
  </datafield>
  <datafield tag="245" ind1=" " ind2=" ">
    <subfield code="a">Douce France (The Coconadosand Their Hawaiian Guitars)</subfield>
  </datafield>
  <datafield tag="250" ind1=" " ind2=" ">
    <subfield code="a">1a ed.</subfield>
  </datafield>
  <datafield tag="260" ind1=" " ind2=" ">
    <subfield code="a">MILANO</subfield>
  </datafield>
  <datafield tag="260" ind1=" " ind2=" ">
    <subfield code="b">RI - FI RECORD COMPANY</subfield>
    <subfield code="c">1973 [1a Ed.:1973]</subfield>
  </datafield>
  <datafield tag="300" ind1=" " ind2=" ">
    <subfield code="a">DISCO</subfield>
  </datafield>
  <datafield tag="500" ind1=" " ind2=" ">
    <subfield code="a">Musica strumentale. Arrangiamento</subfield>
  </datafield>
  <datafield tag="505" ind1=" " ind2=" ">
    <subfield code="a">Douce France - Parlez moi d'amour - Petit fleur - La vie en rose - Un homme et une femme - Des ronds dans l'eau - La mer - Que c'est triste Venice - Song From "Moulin Rouge" - Mes mains - Je suis seul ce soir - Dors mon amour</subfield>
  </datafield>
  <datafield tag="511" ind1=" " ind2=" ">
    <subfield code="a">The Coconados and Their Hawaiian Guitars</subfield>
  </datafield>
  <datafield tag="650" ind1=" " ind2=" ">
    <subfield code="a">STRUMENTALE [DISCHI]</subfield>
    <subfield code="e">Codice MATERIA SPICS: 9950</subfield>
    <subfield code="9">828</subfield>
  </datafield>
  <datafield tag="700" ind1=" " ind2=" ">
    <subfield code="a">Callaghan Bob</subfield>
    <subfield code="g">Codice interprete SPICS: 7961</subfield>
    <subfield code="e">Interprete</subfield>
    <subfield code="9">8829</subfield>
  </datafield>
  <datafield tag="700" ind1=" " ind2=" ">
    <subfield code="a">Trenet Charles</subfield>
    <subfield code="g">Codice autore musica SPICS: 14412</subfield>
    <subfield code="e">Autore musica</subfield>
    <subfield code="p">Douce France</subfield>
    <subfield code="9">8830</subfield>
  </datafield>
  <datafield tag="700" ind1=" " ind2=" ">
    <subfield code="a">Lenoir J.</subfield>
    <subfield code="g">Codice autore musica SPICS: 14413</subfield>
    <subfield code="e">Autore musica</subfield>
    <subfield code="p">Parlez moi d'amour</subfield>
    <subfield code="9">8831</subfield>
  </datafield>
  <datafield tag="700" ind1=" " ind2=" ">
    <subfield code="a">Bechet Sydney</subfield>
    <subfield code="g">Codice autore musica SPICS: 9418</subfield>
    <subfield code="e">Autore musica</subfield>
    <subfield code="p">Petit fleur</subfield>
    <subfield code="9">8832</subfield>
  </datafield>
  <datafield tag="700" ind1=" " ind2=" ">
    <subfield code="a">Piaf Edith</subfield>
    <subfield code="g">Codice autore musica SPICS: 11566</subfield>
    <subfield code="e">Autore musica</subfield>
    <subfield code="p">La vie en rose</subfield>
    <subfield code="9">8833</subfield>
  </datafield>
  <datafield tag="700" ind1=" " ind2=" ">
    <subfield code="a">Louigny</subfield>
    <subfield code="g">Codice autore SPICS: 14414</subfield>
    <subfield code="e">Autore</subfield>
    <subfield code="p">La vie en rose</subfield>
    <subfield code="9">8834</subfield>
  </datafield>
  <datafield tag="700" ind1=" " ind2=" ">
    <subfield code="a">Lai Francis</subfield>
    <subfield code="g">Codice autore musica SPICS: 10971</subfield>
    <subfield code="e">Autore musica</subfield>
    <subfield code="p">Un homme et une femme</subfield>
    <subfield code="9">8835</subfield>
  </datafield>
  <datafield tag="700" ind1=" " ind2=" ">
    <subfield code="a">Lesenechal R.</subfield>
    <subfield code="g">Codice autore musica SPICS: 26415</subfield>
    <subfield code="e">Autore musica</subfield>
    <subfield code="p">Des ronds dans l'eau</subfield>
    <subfield code="9">8836</subfield>
  </datafield>
  <datafield tag="700" ind1=" " ind2=" ">
    <subfield code="a">Barouh P.</subfield>
    <subfield code="g">Codice autore SPICS: 14415</subfield>
    <subfield code="e">Autore</subfield>
    <subfield code="p">Des ronds dans l'eau</subfield>
    <subfield code="9">8837</subfield>
  </datafield>
  <datafield tag="700" ind1=" " ind2=" ">
    <subfield code="a">Calabrese Giorgio</subfield>
    <subfield code="g">Codice autore testo/musica SPICS: 1368</subfield>
    <subfield code="e">Autore testo/musica</subfield>
    <subfield code="p">Des ronds dans l'eau - Je suis seul ce soir</subfield>
    <subfield code="9">8838</subfield>
  </datafield>
  <datafield tag="700" ind1=" " ind2=" ">
    <subfield code="a">Trenet Charles</subfield>
    <subfield code="g">Codice autore musica SPICS: 14412</subfield>
    <subfield code="e">Autore musica</subfield>
    <subfield code="p">La mer</subfield>
    <subfield code="9">8839</subfield>
  </datafield>
  <datafield tag="700" ind1=" " ind2=" ">
    <subfield code="a">Lasry</subfield>
    <subfield code="g">Codice autore SPICS: 14407</subfield>
    <subfield code="e">Autore</subfield>
    <subfield code="p">La mer</subfield>
    <subfield code="9">8840</subfield>
  </datafield>
  <datafield tag="700" ind1=" " ind2=" ">
    <subfield code="a">Mogol (Rapetti Giulio)</subfield>
    <subfield code="g">Codice autore musica SPICS: 13643</subfield>
    <subfield code="e">Autore musica</subfield>
    <subfield code="p">Que c'est triste Venice</subfield>
    <subfield code="9">8841</subfield>
  </datafield>
  <datafield tag="700" ind1=" " ind2=" ">
    <subfield code="a">Dorin Francoise</subfield>
    <subfield code="g">Codice autore SPICS: 15532</subfield>
    <subfield code="e">Autore</subfield>
    <subfield code="p">Que c'est triste Venice</subfield>
    <subfield code="9">8842</subfield>
  </datafield>
  <datafield tag="700" ind1=" " ind2=" ">
    <subfield code="a">Aznavour Charles</subfield>
    <subfield code="g">Codice autore testo/musica SPICS: 9707</subfield>
    <subfield code="e">Autore musica</subfield>
    <subfield code="p">Que c'est triste Venice</subfield>
    <subfield code="9">8843</subfield>
  </datafield>
  <datafield tag="700" ind1=" " ind2=" ">
    <subfield code="a">Auric George</subfield>
    <subfield code="g">Codice autore musica SPICS: 14416</subfield>
    <subfield code="e">Autore musica</subfield>
    <subfield code="p">Song From "Moulin Rouge"</subfield>
    <subfield code="9">8844</subfield>
  </datafield>
  <datafield tag="700" ind1=" " ind2=" ">
    <subfield code="a">Becaud Gilbert</subfield>
    <subfield code="g">Codice autore musica SPICS: 10748</subfield>
    <subfield code="e">Autore musica</subfield>
    <subfield code="p">Mes mains</subfield>
    <subfield code="9">8845</subfield>
  </datafield>
  <datafield tag="700" ind1=" " ind2=" ">
    <subfield code="a">Deani</subfield>
    <subfield code="g">Codice autore SPICS: 15660</subfield>
    <subfield code="e">Autore</subfield>
    <subfield code="p">Je suis seul ce soir</subfield>
    <subfield code="9">8846</subfield>
  </datafield>
  <datafield tag="700" ind1=" " ind2=" ">
    <subfield code="a">Durand Philippe</subfield>
    <subfield code="g">Codice autore testo/musica SPICS: 10246</subfield>
    <subfield code="e">Autore testo/musica</subfield>
    <subfield code="p">Je suis seul ce soir</subfield>
    <subfield code="9">8847</subfield>
  </datafield>
  <datafield tag="700" ind1=" " ind2=" ">
    <subfield code="a">Delano&#xE9;  P.</subfield>
    <subfield code="g">Codice autore musica SPICS: 14437</subfield>
    <subfield code="e">Autore musica</subfield>
    <subfield code="p">Dors mon amour</subfield>
    <subfield code="9">8848</subfield>
  </datafield>
  <datafield tag="700" ind1=" " ind2=" ">
    <subfield code="a">Panzeri Mario</subfield>
    <subfield code="g">Codice autore SPICS: 13372</subfield>
    <subfield code="e">Autore</subfield>
    <subfield code="p">Dors mon amour</subfield>
    <subfield code="9">8849</subfield>
  </datafield>
  <datafield tag="700" ind1=" " ind2=" ">
    <subfield code="a">Giraud Hubert</subfield>
    <subfield code="g">Codice autore testo/musica SPICS: 14038</subfield>
    <subfield code="e">Autore testo/musica</subfield>
    <subfield code="p">Dors mon amour</subfield>
    <subfield code="9">8850</subfield>
  </datafield>
  <datafield tag="942" ind1=" " ind2=" ">
    <subfield code="c">MD</subfield>
    <subfield code="2">ddc</subfield>
  </datafield>
  <datafield tag="952" ind1=" " ind2=" ">
    <subfield code="0">0</subfield>
    <subfield code="1">0</subfield>
    <subfield code="4">0</subfield>
    <subfield code="6">24105_000000000000000</subfield>
    <subfield code="7">1</subfield>
    <subfield code="a">SPICS</subfield>
    <subfield code="b">SPICS</subfield>
    <subfield code="d">2013-10-25</subfield>
    <subfield code="l">0</subfield>
    <subfield code="o">24105</subfield>
    <subfield code="r">2013-10-25 00:00:00</subfield>
    <subfield code="w">2013-10-25</subfield>
    <subfield code="y">MD</subfield>
    <subfield code="z">Progr. Ins.: 4952 / N.Vol.: 1 / Copie: 1 - Copia rara: n.d. / date import: 01.01.2014 - By Epidotti, Trombetti, Vaglietti</subfield>
  </datafield>
</record>
